[Event "Curitiba CC 76 Anniversary"]
[Site "Curitiba"]
[Date "2014.02.02"]
[Round "6"]
[White "Perondi, Marcelo"]
[Black "Specterov, Leoncio Julius"]
[Result "1-0"]
[WhiteElo "1520"]
[BlackElo "1800"]
[PlyCount "119"]
[EventDate "2014.01.31"]
[EventType "swiss"]
[EventRounds "6"]
[EventCountry "BRA"]
[SourceTitle "CBM 158 Extra"]
[Source "ChessBase"]
[SourceDate "2014.02.28"]
[SourceVersion "1"]
[SourceVersionDate "2014.02.28"]
[SourceQuality "1"]

1. Nf3 c6 2. c4 d5 3. e3 Nf6 4. d4 Bf5 5. Nc3 e6 6. Be2 Nbd7 7. Nh4 Bg6 8. Bd2 Bd6 9. Qb3 Rb8 10. Nxg6 hxg6 11. Qc2 dxc4 12. Bxc4 Nb6 13. Bd3 Nbd5 14. a3 a5 15. Ne2 Qc7 16. g3 e5 17. dxe5 Bxe5 18. f4 Bd6 19. e4 Ng4 20. exd5 Qb6 21. h4 Qf2+ 22. Kd1 Qf3 23. Re1 Nf2+ 24. Kc1 Nxd3+ 25. Kb1 Nxe1 26. Bxe1 Qxd5 27. Nc3 Qc4 28. b3 Qe6 29. Kb2 0-0 30. Bf2 Qf6 31. Rd1 Rbd8 32. Bb6 Rd7 33. Bxa5 Re7 34. Qd3 Bc5 35. Bd8 Rxd8 36. Qxd8+ Kh7 37. Kc2 Qf5+ 38. Kb2 Re3 39. Qd7 Qf6 40. Rd3 Rxd3 41. Qxd3 Bd4 42. Kc2 Bxc3 43. Qxc3 Qxc3+ 44. Kxc3 Kh6 45. g4 f5 46. g5+ Kh5 47. Kd4 Kxh4 48. Ke5 Kg3 49. a4 Kf3 50. b4 Ke3 51. Kd6 Kd3 52. Kc7 Kc4 53. a5 Kxb4 54. Kxb7 Kxa5 55. Kxc6 Kb4 56. Kd5 Kc3 57. Ke6 Kd4 58. Kf7 Ke4 59. Kxg7 Kxf4 60. Kxg6 1-0